|
|
|
|
| LEADER |
00000cam a2200000 4500 |
| 001 |
vtls012082204 |
| 003 |
SK-MaSNL |
| 005 |
20260302062043.0 |
| 008 |
220103s2021 xo hoc g n 001 0 slo |
| 015 |
|
|
|a SNBA2023/03
|
| 020 |
|
|
|a 9788057033653
|q (brožované)
|
| 040 |
|
|
|a SNK
|b slo
|c SNK
|e rda
|
| 041 |
0 |
|
|a slo
|
| 043 |
|
|
|a e-xo---
|
| 044 |
|
|
|a xo
|c SK
|
| 072 |
|
7 |
|a 911
|x Všeobecná geografia. Systematická geografia
|2 konspekt
|
| 080 |
|
|
|a 911.373
|2 2011
|
| 080 |
|
|
|a 911.375(091)
|2 2011
|
| 080 |
|
|
|a (437.6)
|2 2011
|
| 080 |
|
|
|a (048.8)
|2 2011
|
| 100 |
1 |
|
|a Žáček, Alexander,
|d 1951-
|4 aut
|9 217036
|
| 245 |
1 |
0 |
|a Veľké Uherce
|b ľudia - roky - udalosti
|c Alexander Žáček
|
| 250 |
|
|
|a Prvé vydanie
|
| 264 |
|
1 |
|a Veľké Uherce
|b Obec Veľké Uherce
|c 2021
|
| 300 |
|
|
|a 287 strán
|b faksimile, fotografie, potréty
|c 30 cm
|
| 336 |
|
|
|a text
|b txt
|2 rdacontent
|
| 336 |
|
|
|a statický obraz
|b sti
|2 rdacontent
|
| 337 |
|
|
|a bez média
|b n
|2 rdamedia
|
| 338 |
|
|
|a zväzok
|b nc
|2 rdacarrier
|
| 366 |
|
|
|e 500 kusov
|
| 504 |
|
|
|a Obsahuje bibliografiu na strane 263. Menný register a register udalostí
|
| 650 |
0 |
7 |
|a obce
|2 SNKPH
|9 2935
|
| 650 |
0 |
7 |
|a Municipalities
|2 SNKPHeng
|9 266969
|
| 650 |
0 |
7 |
|a dejiny obcí
|2 SNKPH
|9 164834
|
| 650 |
0 |
7 |
|a History of municipalities
|2 SNKPHeng
|9 302507
|
| 651 |
|
7 |
|a Veľké Uherce (Slovensko)
|2 SNKPHgeo
|9 91285
|
| 651 |
|
7 |
|a Veľké Uherce (Slovakia)
|2 SNKPHeng
|9 443122
|
| 655 |
|
7 |
|a monografie
|2 SNKPH
|9 70139
|
| 655 |
|
7 |
|a Monographs
|2 SNKPHeng
|9 120675
|
| 919 |
|
|
|a 978-80-570-3365-3
|
| 954 |
|
|
|a odborná, vedecká literatúra pôvodná (slovenská)
|2 lita
|
| 958 |
|
|
|a NB
|
| 999 |
|
|
|c 1127821
|d 1129751
|
| 952 |
|
|
|a SNK
|b SNK
|y PREZ
|7 0
|p 17A1470806
|o snkSB 97549
|i snk2022/39
|8 0
|0 0
|1 0
|4 0
|d 2022-01-03
|f 1
|l 0
|r 2025-05-16 00:00:00
|w 2026-02-24
|
| 952 |
|
|
|a SNK
|b SNK
|y VYP
|7 0
|p 17A1470807
|o snkSB 97549 D1
|i snk2022/40
|8 0
|0 0
|1 0
|4 0
|d 2022-01-03
|l 0
|r 2026-02-24 18:51:52
|w 2026-02-24
|